000 00473nam a2200193Ia 4500
005 20250923145540.0
008 008 250917s9999 xx 000 0 eng d
037 _aTextual
040 _aDSWL
_beng
_cDSWL
041 _aeng
_2eng
084 _qDSWL
245 0 _aLearning non-aggression
_c Ed.by A.Montagu
260 _aLondon
_bOxford
_c1978
300 _a235 p.
365 _aGBP
_b0.1
925 _g0.1
942 _cTEXL
999 _c1452717
_d1452717